| 000 | 00573nam a2200217 a 4500 | ||
|---|---|---|---|
| 001 | BRCA_7130 | ||
| 005 | 20190320205725.0 | ||
| 008 | 100112s1875----gw-#######---#000-0#ger-# | ||
| 041 | _ager | ||
| 044 | _agw | ||
| 050 | 4 |
_aML1700 _b.H35 1875 |
|
| 100 | 1 |
_aHanslick, Eduardo _d1825-1904 _917711 |
|
| 245 | 1 | 0 |
_aDie moderne Oper _cEd. Hanslick. |
| 260 |
_aBerlìn _bA. Hofmann _c1875 |
||
| 300 |
_aviii, 341 p. _c21 cm. |
||
| 500 | _aP10 | ||
| 650 | 1 | 4 |
_aOpera _vHistoria y crítica _917712 |
| 650 | 1 | 4 |
_aMusica _vHistoria y crítica _917713 |
| 902 | _aGFM | ||
| 942 |
_2lcc _cB |
||
| 999 |
_c6811 _d6811 |
||